<?xml version="1.0" encoding="UTF-8"?>
<record
    xmlns:xsi="http://www.w3.org/2001/XMLSchema-instance"
    xsi:schemaLocation="http://www.loc.gov/MARC21/slim http://www.loc.gov/standards/marcxml/schema/MARC21slim.xsd"
    xmlns="http://www.loc.gov/MARC21/slim">

  <leader>00343nam a22001457a 4500</leader>
  <controlfield tag="003">OSt</controlfield>
  <controlfield tag="005">20260316105324.0</controlfield>
  <controlfield tag="007">809 pages</controlfield>
  <controlfield tag="008">260316b        |||||||| |||| 00| 0 eng d</controlfield>
  <datafield tag="040" ind1=" " ind2=" ">
    <subfield code="c"> </subfield>
  </datafield>
  <datafield tag="082" ind1=" " ind2=" ">
    <subfield code="a">153.94</subfield>
    <subfield code="b">AGG</subfield>
  </datafield>
  <datafield tag="245" ind1=" " ind2=" ">
    <subfield code="a">Quantitative aptitude</subfield>
    <subfield code="c">Aggarwal,R.S</subfield>
  </datafield>
  <datafield tag="260" ind1=" " ind2=" ">
    <subfield code="b">S.Chand</subfield>
    <subfield code="c">2024</subfield>
  </datafield>
  <datafield tag="942" ind1=" " ind2=" ">
    <subfield code="2">ddc</subfield>
    <subfield code="c">BK</subfield>
    <subfield code="k">153.94</subfield>
    <subfield code="m">AGG</subfield>
    <subfield code="n">0</subfield>
  </datafield>
  <datafield tag="999" ind1=" " ind2=" ">
    <subfield code="c">36324</subfield>
    <subfield code="d">36324</subfield>
  </datafield>
  <datafield tag="952" ind1=" " ind2=" ">
    <subfield code="0">0</subfield>
    <subfield code="1">0</subfield>
    <subfield code="2">ddc</subfield>
    <subfield code="4">0</subfield>
    <subfield code="7">0</subfield>
    <subfield code="8">General</subfield>
    <subfield code="a">CRCE</subfield>
    <subfield code="b">CRCE</subfield>
    <subfield code="d">2026-03-16</subfield>
    <subfield code="g">799.00</subfield>
    <subfield code="i">LIBSO1496 st 26.02.2026</subfield>
    <subfield code="l">1</subfield>
    <subfield code="o">153.94/SHA</subfield>
    <subfield code="p">27124</subfield>
    <subfield code="q">2026-05-30</subfield>
    <subfield code="r">2026-05-20</subfield>
    <subfield code="s">2026-05-20</subfield>
    <subfield code="w">2026-03-16</subfield>
    <subfield code="y">BK</subfield>
  </datafield>
  <datafield tag="952" ind1=" " ind2=" ">
    <subfield code="0">0</subfield>
    <subfield code="1">0</subfield>
    <subfield code="2">ddc</subfield>
    <subfield code="4">0</subfield>
    <subfield code="7">0</subfield>
    <subfield code="8">General</subfield>
    <subfield code="a">CRCE</subfield>
    <subfield code="b">CRCE</subfield>
    <subfield code="d">2026-03-16</subfield>
    <subfield code="g">799.00</subfield>
    <subfield code="i">LIBSO1496 st 26.02.2026</subfield>
    <subfield code="l">0</subfield>
    <subfield code="o">153.94/SHA</subfield>
    <subfield code="p">27125</subfield>
    <subfield code="r">2026-03-16</subfield>
    <subfield code="w">2026-03-16</subfield>
    <subfield code="y">BK</subfield>
  </datafield>
  <datafield tag="952" ind1=" " ind2=" ">
    <subfield code="0">0</subfield>
    <subfield code="1">0</subfield>
    <subfield code="2">ddc</subfield>
    <subfield code="4">0</subfield>
    <subfield code="7">0</subfield>
    <subfield code="8">General</subfield>
    <subfield code="a">CRCE</subfield>
    <subfield code="b">CRCE</subfield>
    <subfield code="d">2026-03-16</subfield>
    <subfield code="g">799.00</subfield>
    <subfield code="i">LIBSO1496 st 26.02.2026</subfield>
    <subfield code="l">0</subfield>
    <subfield code="o">153.94/SHA</subfield>
    <subfield code="p">27126</subfield>
    <subfield code="r">2026-03-16</subfield>
    <subfield code="w">2026-03-16</subfield>
    <subfield code="y">BK</subfield>
  </datafield>
  <datafield tag="952" ind1=" " ind2=" ">
    <subfield code="0">0</subfield>
    <subfield code="1">0</subfield>
    <subfield code="2">ddc</subfield>
    <subfield code="4">0</subfield>
    <subfield code="7">0</subfield>
    <subfield code="8">General</subfield>
    <subfield code="a">CRCE</subfield>
    <subfield code="b">428</subfield>
    <subfield code="d">2026-03-16</subfield>
    <subfield code="g">799.00</subfield>
    <subfield code="i">LIBSO1496 st 26.02.2026</subfield>
    <subfield code="l">1</subfield>
    <subfield code="o">153.94/SHA</subfield>
    <subfield code="p">27127</subfield>
    <subfield code="q">2026-04-06</subfield>
    <subfield code="r">2026-03-27</subfield>
    <subfield code="s">2026-03-27</subfield>
    <subfield code="w">2026-03-16</subfield>
    <subfield code="y">BK</subfield>
  </datafield>
  <datafield tag="952" ind1=" " ind2=" ">
    <subfield code="0">0</subfield>
    <subfield code="1">0</subfield>
    <subfield code="2">ddc</subfield>
    <subfield code="4">0</subfield>
    <subfield code="7">0</subfield>
    <subfield code="8">General</subfield>
    <subfield code="a">CRCE</subfield>
    <subfield code="b">CRCE</subfield>
    <subfield code="d">2026-03-16</subfield>
    <subfield code="g">799.00</subfield>
    <subfield code="i">LIBSO1496 st 26.02.2026</subfield>
    <subfield code="l">0</subfield>
    <subfield code="o">153.94/SHA</subfield>
    <subfield code="p">27128</subfield>
    <subfield code="r">2026-03-16</subfield>
    <subfield code="w">2026-03-16</subfield>
    <subfield code="y">BK</subfield>
  </datafield>
  <datafield tag="952" ind1=" " ind2=" ">
    <subfield code="0">0</subfield>
    <subfield code="1">0</subfield>
    <subfield code="2">ddc</subfield>
    <subfield code="4">0</subfield>
    <subfield code="7">0</subfield>
    <subfield code="8">General</subfield>
    <subfield code="a">CRCE</subfield>
    <subfield code="b">CRCE</subfield>
    <subfield code="d">2026-03-16</subfield>
    <subfield code="g">799.00</subfield>
    <subfield code="i">LIBSO1496 st 26.02.2026</subfield>
    <subfield code="l">1</subfield>
    <subfield code="o">153.94/SHA</subfield>
    <subfield code="p">27129</subfield>
    <subfield code="q">2026-06-11</subfield>
    <subfield code="r">2026-06-01</subfield>
    <subfield code="s">2026-06-01</subfield>
    <subfield code="w">2026-03-16</subfield>
    <subfield code="y">BK</subfield>
  </datafield>
  <datafield tag="952" ind1=" " ind2=" ">
    <subfield code="0">0</subfield>
    <subfield code="1">0</subfield>
    <subfield code="2">ddc</subfield>
    <subfield code="4">0</subfield>
    <subfield code="7">0</subfield>
    <subfield code="8">General</subfield>
    <subfield code="a">CRCE</subfield>
    <subfield code="b">CRCE</subfield>
    <subfield code="d">2026-03-16</subfield>
    <subfield code="g">799.00</subfield>
    <subfield code="i">LIBSO1496 st 26.02.2026</subfield>
    <subfield code="l">1</subfield>
    <subfield code="o">153.94/SHA</subfield>
    <subfield code="p">27130</subfield>
    <subfield code="q">2026-05-23</subfield>
    <subfield code="r">2026-05-13</subfield>
    <subfield code="s">2026-05-13</subfield>
    <subfield code="w">2026-03-16</subfield>
    <subfield code="y">BK</subfield>
  </datafield>
  <datafield tag="952" ind1=" " ind2=" ">
    <subfield code="0">0</subfield>
    <subfield code="1">0</subfield>
    <subfield code="2">ddc</subfield>
    <subfield code="4">0</subfield>
    <subfield code="7">0</subfield>
    <subfield code="8">General</subfield>
    <subfield code="a">CRCE</subfield>
    <subfield code="b">CRCE</subfield>
    <subfield code="d">2026-03-16</subfield>
    <subfield code="g">799.00</subfield>
    <subfield code="i">LIBSO1496 st 26.02.2026</subfield>
    <subfield code="l">0</subfield>
    <subfield code="o">153.94/SHA</subfield>
    <subfield code="p">27131</subfield>
    <subfield code="r">2026-03-16</subfield>
    <subfield code="w">2026-03-16</subfield>
    <subfield code="y">BK</subfield>
  </datafield>
  <datafield tag="952" ind1=" " ind2=" ">
    <subfield code="0">0</subfield>
    <subfield code="1">0</subfield>
    <subfield code="2">ddc</subfield>
    <subfield code="4">0</subfield>
    <subfield code="7">0</subfield>
    <subfield code="8">General</subfield>
    <subfield code="a">CRCE</subfield>
    <subfield code="b">CRCE</subfield>
    <subfield code="d">2026-03-16</subfield>
    <subfield code="g">799.00</subfield>
    <subfield code="i">LIBSO1496 st 26.02.2026</subfield>
    <subfield code="l">0</subfield>
    <subfield code="o">153.94/SHA</subfield>
    <subfield code="p">27132</subfield>
    <subfield code="r">2026-03-16</subfield>
    <subfield code="w">2026-03-16</subfield>
    <subfield code="y">BK</subfield>
  </datafield>
  <datafield tag="952" ind1=" " ind2=" ">
    <subfield code="0">0</subfield>
    <subfield code="1">0</subfield>
    <subfield code="2">ddc</subfield>
    <subfield code="4">0</subfield>
    <subfield code="7">0</subfield>
    <subfield code="8">General</subfield>
    <subfield code="a">CRCE</subfield>
    <subfield code="b">CRCE</subfield>
    <subfield code="d">2026-03-16</subfield>
    <subfield code="g">799.00</subfield>
    <subfield code="i">LIBSO1496 st 26.02.2026</subfield>
    <subfield code="l">2</subfield>
    <subfield code="o">153.94/SHA</subfield>
    <subfield code="p">27133</subfield>
    <subfield code="r">2026-06-10</subfield>
    <subfield code="s">2026-06-01</subfield>
    <subfield code="w">2026-03-16</subfield>
    <subfield code="y">BK</subfield>
  </datafield>
</record>
